| 000 | 00808nam a2200265 i 4500 | ||
|---|---|---|---|
| 001 | bg | ||
| 245 | 0 | 0 |
_aNowa gramatyka angielska w ćwiczeniach / _cR. Gozdawa-Gołębiowski [et al]. |
| 246 | 0 | 8 |
_iTyt. grzbiet. : _aNowa gramatyka angielska |
| 250 | _aWyd. 12. | ||
| 260 |
_aWarszawa : _bWydawnictwo Szkolne PWN, _c2007. |
||
| 300 |
_a372, [1] s. ; _c24 cm. |
||
| 504 | _aIndeks | ||
| 650 | 9 |
_aJęzyk angielski _xgramatyka |
|
| 655 | _aĆwiczenia i zadania | ||
| 700 | 1 | _aGozdawa-Gołębiowski, Romuald. | |
| 020 | _a9788371951923 | ||
| 040 | _cBPK | ||
| 041 | 0 | _aengpol | |
| 044 | _aPOL | ||
| 080 | _a811.111'36(076) | ||
| 920 | _a978-83-7195-192-3 | ||
| 942 | _cKS | ||
| 008 | s pl f |000 0 pol | ||
| 999 |
_c54196 _d54196 |
||